|
|
|
|
| LEADER |
00924ncm a22002412a 4500 |
| 001 |
001231182 |
| 003 |
CZ BrMZK |
| 005 |
20150701113256.0 |
| 007 |
qu |
| 008 |
120717s1921 xr |||||||||||||||||cze d |
| 040 |
|
|
|a BOA001
|b cze
|
| 072 |
|
7 |
|a 784
|x Vokální hudba
|2 Konspekt
|9 9
|
| 100 |
1 |
|
|a Kenbrovin, Jaan
|7 mzk2014811045
|4 cmp
|
| 245 |
1 |
0 |
|a Bubliny
|h [hudebnina] /
|c hudbu napsali Jean Kenbrovin a John William Kellette ; francouzský text Pierre Chapelleův přeložila Libuše Hvížďálková
|
| 260 |
|
|
|a Praha :
|b Edition Accord,
|c 1921
|
| 300 |
|
|
|a 1 partitura (3 s.)
|
| 700 |
1 |
|
|a Kellette, John William
|7 mzk2014811058
|4 cmp
|
| 700 |
1 |
|
|a Chapelle, Pierre,
|d 1876-1927
|7 mzk2013769489
|4 lyr
|
| 700 |
1 |
|
|a Hvížďálková, Libuše
|7 mzk2015877875
|4 trl
|
| 910 |
|
|
|a BOA001
|b Mus4-0586.457
|
| 990 |
|
|
|a MU
|
| 991 |
|
|
|b 201207
|
| 996 |
6 |
|
|b 2619600695
|c Mus4-0586.457
|l MZK
|r Sklad / do 1 hodiny
|n 0
|w 001264980
|u 000010
|a 1
|e BOA001
|j MZK50
|s P
|